000 00927cad a22002295a 4500
001 L157205
008 120920s20120917 d f s 000 0 eng u
035 _a(Sirsi) u157205
041 0 _aeng
050 _a333.33 $2 18
110 2 _aRightmove
245 0 0 _aNorthern Rock five years on who are the winners and losers?
_h[electronic resource]
260 _aLondon
_bRightmove
_c2012
490 0 0 _aRightmove House Price Index
_vSeptember 2012
520 _aNew sellers average asking prices decreased by 0.6% in August 2012. Reflects on how the UK residential property market has fared since the run on the Northern Rock in September 2007.
590 _aKA
650 2 4 _aRIGHTMOVE HOUSE PRICE INDEX
651 4 _aUnited Kingdom
_y
690 _aResidential property
_96266
856 4 0 _uhttps://www.rightmove.co.uk/news/files/2012/09/september-2012.pdf
_zView the item free of charge at www.rightmove.co.uk
942 _n0
999 _c114650
_d114650